|
|
|
|
| LEADER |
00000nam0a2200000 4500 |
| 001 |
259966 |
| 005 |
20231101233432.0 |
| 010 |
|
|
|a 5282000946
|
| 035 |
|
|
|a (RuTPU)RU\TPU\book\282912
|
| 090 |
|
|
|a 259966
|
| 100 |
|
|
|a 20140513d1988 k y0rusy50 ca
|
| 101 |
0 |
|
|a rus
|
| 102 |
|
|
|a RU
|
| 105 |
|
|
|a a z 000zy
|
| 200 |
1 |
|
|a Производственные комплексы: перестройка структуры управления
|f А. Г. Наговицин
|g под ред. В. М. Иванченко
|
| 210 |
|
|
|a Москва
|c Экономика
|d 1988
|
| 215 |
|
|
|a 119 с.
|c ил.
|
| 606 |
1 |
|
|a Производственно-территориальные комплексы
|2 stltpush
|3 (RuTPU)RU\TPU\subj\36757
|9 58022
|
| 610 |
1 |
|
|a производственные комплексы
|
| 610 |
1 |
|
|a структура
|
| 610 |
1 |
|
|a управление
|
| 610 |
1 |
|
|a перестройка
|
| 610 |
1 |
|
|a промежуточная структура
|
| 686 |
|
|
|a У9(2)0-43
|v LBC/SL-A
|2 rubbk
|
| 700 |
|
1 |
|a Наговицин
|b А. Г.
|g Аркадий Гургенович
|
| 702 |
|
1 |
|a Иванченко
|b В. М.
|4 340
|
| 801 |
|
1 |
|a RU
|b 63413507
|c 20140513
|
| 801 |
|
2 |
|a RU
|b 63413507
|c 20150119
|g RCR
|
| 942 |
|
|
|c BK
|